Character and ideology in the book of Esther / (Record no. 26964)
[ view plain ]
| 000 -LEADER | |
|---|---|
| fixed length control field | 00957nam a2200265 4500 |
| 005 - DATE AND TIME OF LATEST TRANSACTION | |
| control field | 20190226104353.0 |
| 008 - FIXED-LENGTH DATA ELEMENTS--GENERAL INFORMATION | |
| fixed length control field | 060703r20011991miu b 001 0deng |
| 020 ## - INTERNATIONAL STANDARD BOOK NUMBER | |
| International Standard Book Number | 0802848818 |
| 100 1# - MAIN ENTRY--PERSONAL NAME | |
| Personal name | Fox, Michael V., |
| Dates associated with a name | 1940- |
| 245 10 - TITLE STATEMENT | |
| Title | Character and ideology in the book of Esther / |
| Statement of responsibility, etc | Michael V. Fox. |
| 250 ## - EDITION STATEMENT | |
| Edition statement | 2nd ed. |
| 260 ## - PUBLICATION, DISTRIBUTION, ETC. (IMPRINT) | |
| Place of publication, distribution, etc | Grand Rapids, Mich. : |
| Name of publisher, distributor, etc | W.B. Eerdmans, |
| Date of publication, distribution, etc | c2001. |
| 300 ## - PHYSICAL DESCRIPTION | |
| Extent | x, 333 p. ; |
| Dimensions | 23 cm. |
| 336 ## - CONTENT TYPE | |
| Content Type Term | text |
| 337 ## - MEDIA TYPE | |
| Media Type Term | unmediated |
| 338 ## - CARRIER TYPE | |
| Carrier Type Term | volume |
| 500 ## - GENERAL NOTE | |
| General note | "With a new postscript on a decade of Esther scholarship." |
| 500 ## - GENERAL NOTE | |
| General note | Originally published: Columbia, S.C. : University of South Carolina Press, c1991, in series: Studies on personalities of the Old Testament. |
| 504 ## - BIBLIOGRAPHY, ETC. NOTE | |
| Bibliography, etc | Includes bibliographical references (p. 304-318) and index. |
| 630 04 - SUBJECT ADDED ENTRY--UNIFORM TITLE | |
| Uniform title | Bible. |
| Name of part/section of a work | O.T. |
| -- | Esther |
| General subdivision | Biography. |
| 630 04 - SUBJECT ADDED ENTRY--UNIFORM TITLE | |
| Uniform title | Bible. |
| Name of part/section of a work | O.T. |
| -- | Esther |
| General subdivision | Commentaries. |
| 951 ## - EQUIVALENCE OR CROSS-REFERENCE-GEOGRAPHIC NAME/AREA NAME [OBSOLETE] [CAN/MARC only] | |
| General subdivision | 00033111 |
| 942 ## - ADDED ENTRY ELEMENTS (KOHA) | |
| Source of classification or shelving scheme | Library of Congress Classification |
| Item type | Books |
| Withdrawn status | Lost status | Damaged status | Not for loan | Home library | Current library | Shelving location | Date acquired | Inventory number | Shelving control number | Total Checkouts | Full call number | Barcode | Date last seen | Price effective from | Koha item type | Source of classification or shelving scheme | Source of acquisition | Copy number |
|---|---|---|---|---|---|---|---|---|---|---|---|---|---|---|---|---|---|---|
| BSOP Library | BSOP Library | GC | 12/21/2000 | 29584 | 127 | BS1375.3/F83c | 00033111 | 02/23/2013 | 02/23/2013 | Books | ||||||||
| BSOP Library | BSOP Library | David Weisberg Collection | 02/26/2019 | 45355 | BS1375.3 F83c | 00056355 | 02/26/2019 | 02/26/2019 | Books | Library of Congress Classification | Donated by Dr. David and Oprah Weisberg | c.2 |
